Стенографический отчет о заседаниях ... 3-й Государственной Думы ... Пятой сессии: с 15-го октября 1911 г. по 9-е июня 1912 года (Запись № 5952985)

Подробности
000 -МАРКЕР
контрольное поле 01624nam2a2200313 4500
001 - ИДЕНТИФИКАТОР ЗАПИСИ
контрольное поле v19\rc\1929030
005 - ИДЕНТИФИКАТОР ВЕРСИИ
контрольное поле 20260407092907.0
035 ## - ДРУГИЕ СИСТЕМНЫЕ НОМЕРА
Идентификатор записи (NLR Aleph) 005266316
100 ## - ДАННЫЕ ОБЩЕЙ ОБРАБОТКИ
Данные общей обработки 20080404d1912 |||y0rusy50 ca
101 0# - ЯЗЫК РЕСУРСА
Язык текста, звукозаписи и т.д. русский
102 ## - СТРАНА ПУБЛИКАЦИИ ИЛИ ПРОИЗВОДСТВА
Страна публикации российская федерация
105 ## - ПОЛЕ КОДИРОВАННЫХ ДАННЫХ: ТЕКСТОВЫЕ МАТЕРИАЛЫ, МОНОГРАФИЧЕСКИЕ
Кодированные данные о монографическом текстовом документе y z |||||
200 1# - ЗАГЛАВИЕ И СВЕДЕНИЯ ОБ ОТВЕТСТВЕННОСТИ
Основное заглавие с 15-го октября 1911 г. по 9-е июня 1912 года
210 ## - ПУБЛИКАЦИЯ, РАСПРОСТРАНЕНИЕ И ДР.
Дата издания, распространения и т.д. 1912
Место издания, распространения и т.д. Б. м.
215 ## - ФИЗИЧЕСКАЯ ХАРАКТЕРИСТИКА
Специфическое обозначение материала и объем CIV с., с. 1377-3248
461 #0 - УРОВЕНЬ НАБОРА
Встроенное поле 001v19\rc\1879277
-- 2001#$aСтенографический отчет о заседаниях ... 3-й Государственной Думы ...$eс подроб. указ.$vПятой сессии
Системный номер (АБИС) связанной записи 5893984
Автор Россия (3). Государственная дума
Место публикации Санкт-Петербург
Дата публикации 1910-1912
Имя издателя, распространителя и т.д. Газ. "Россия"
Сведения, относящиеся к заглавию с подроб. указ.
Заглавие Стенографический отчет о заседаниях ... 3-й Государственной Думы ...
Номер тома Пятой сессии
601 01 - НАИМЕНОВАНИЕ ОРГАНИЗАЦИИ КАК ПРЕДМЕТ
Начальный элемент ввода Россия
Структурное подразделение организации Государственная дума
-- Созыв
Идентифицирующий признак 3
Формальный подзаголовок Стенографические отчеты
Тематический подзаголовок Заседания
Системный номер авторитетной/нормативной записи 2539463
Идентификатор авторитетной/нормативной записи RU\NLR\AUTH\661503545
686 0# - ИНДЕКСЫ ДРУГИХ КЛАССИФИКАЦИЙ
Индекс Т3(2)523-532.2
686 0# - ИНДЕКСЫ ДРУГИХ КЛАССИФИКАЦИЙ
Индекс Х809(2)62
711 01 - НАИМЕНОВАНИЕ ОРГАНИЗАЦИИ - АЛЬТЕРНАТИВНАЯ ОТВЕТСТВЕННОСТЬ
Начальный элемент ввода Россия
Структурное подразделение Государственная дума
-- Созыв
Идентифицирующий признак 3
Структурное подразделение Сессия
Порядковый номер временной организации и / или порядковый номер ее части 5
Идентификатор авторитетной/нормативной записи RU\NLR\AUTH\8810050883
Системный номер авторитетной/нормативной записи 602020
801 #2 - ИСТОЧНИК ЗАПИСИ
Страна российская федерация
Организация NLR
Дата составления 20090206
Источник данных rusmarc
801 #0 - ИСТОЧНИК ЗАПИСИ
Страна российская федерация
Организация NLR
Дата составления 20080404
Правила каталогизации psbo
801 #0 - ИСТОЧНИК ЗАПИСИ
Страна российская федерация
Организация RuMoRGB
Дата составления 20080404
Источник данных psbo
801 #1 - ИСТОЧНИК ЗАПИСИ
Страна российская федерация
Организация ProSoft-M
Дата составления 20080404
Источник данных rusmarc
852 ## - МЕСТОНАХОЖДЕНИЕ И ШИФР ХРАНЕНИЯ
Идентификатор организации NLR
Шифр хранения (Call Number) 81-7/1587
942 ## - ДОПОЛНИТЕЛЬНЫЕ ЭЛЕМЕНТЫ ЗАПИСИ (АБИС)
Тип экземпляра АБИС Книга
980 ## - КОЛЛЕКЦИЯ
Название коллекции Национальная библиография
Экземпляры
Тип экземпляра Дата поступления Библиотека постоянного хранения Библиотека текущего хранения Место хранения Шифр хранения Штрих-код Статус не для выдачи
Книга 26.10.2013 РНБ (Садовая) РНБ (Садовая) Русский книжный фонд -Главное здание, Ленинский читальный зал 81-7/1587 1-4360119